KOHA-Header-6

Human Resource Development (Record no. 1343)

000 -LEADER
fixed length control field 00329nam a2200133Ia 4500
008 - FIXED-LENGTH DATA ELEMENTS--GENERAL INFORMATION
fixed length control field 190723s9999 xx 000 0 und d
020 ## - INTERNATIONAL STANDARD BOOK NUMBER
International Standard Book Number 978-81-315-3218-8
100 ## - MAIN ENTRY--PERSONAL NAME
Personal name Randy L.DeSimone
245 #0 - TITLE STATEMENT
Title Human Resource Development
250 ## - EDITION STATEMENT
Edition statement 6th
260 ## - PUBLICATION, DISTRIBUTION, ETC. (IMPRINT)
Place of publication, distribution, etc New Delhi
Name of publisher, distributor, etc Cengage learning
Date of publication, distribution, etc 2016
300 ## - PHYSICAL DESCRIPTION
Extent 659
942 ## - ADDED ENTRY ELEMENTS (KOHA)
Koha item type Books
Holdings
Withdrawn status Lost status Source of classification or shelving scheme Damaged status Not for loan Collection code Permanent Location Current Location Shelving location Date acquired Total Checkouts Total Renewals Full call number Barcode Date last seen Date checked out Price effective from Koha item type
          Management MAJU MAJU   2019-07-23 4 4 658.3 7968 2023-06-12 2023-06-01 2019-07-23 Management

Powered by Koha